Régions de France métropolitaine par population - Statistiques

Statistiques générales
  • Ce quiz a été pris 61 fois
  • Le résultat moyen est 10 sur 13
Statistiques - réponses
Nb habitants Régions % Correct
12 278 200 Île‑de‑France
100%
8 032 400 Auvergne‑Rhône‑Alpes
82%
5 924 900 Occitanie
82%
344 700 Corse
78%
6 000 000 Nouvelle‑Aquitaine
78%
5 511 700 Grand Est
76%
5 055 700 Provence‑Alpes‑Côte d’Azur
76%
3 340 400 Bretagne
75%
5 962 700 Hauts‑de‑France
75%
3 801 800 Pays de la Loire
71%
2 783 000 Bourgogne‑Franche‑Comté
65%
3 303 500 Normandie
65%
2 559 100 Centre‑Val de Loire
64%
Aucun quiz correspondant
Distribution des résultats
% des personnes avec chaque résultat
Percentile par nombre de réponses
Votre historique - résultats
Vous n’avez pas pris ce quiz